Apuntes de economía política (Registro nro. 4367)

Detalles MARC
000 -LEADER
fixed length control field 01254 a2200217 4500
001 - CONTROL NUMBER
control field 47470
005 - DATE AND TIME OF LATEST TRANSACTION
control field 20260407155741.0
008 - FIXED-LENGTH DATA ELEMENTS--GENERAL INFORMATION
fixed length control field 260407a1971 arg spa d
003 - CONTROL NUMBER IDENTIFIER
control field AR-UNSa-BCEJYS
040 ## - CATALOGING SOURCE
Original cataloging agency AR-UNSa-BCEJYS
Language of cataloging spa
Transcribing agency AR-UNSa-BCEJYS
080 ## - UNIVERSAL DECIMAL CLASSIFICATION NUMBER
Universal Decimal Classification number 330.101
Common auxiliary subdivision Ciencia económica en general. La economía y sus problemas. Objeto y métodos de la economía política
020 ## - INTERNATIONAL STANDARD BOOK NUMBER
International Standard Book Number 84-344-2001-5
100 1# - MAIN ENTRY--PERSONAL NAME
Personal name Spaventa, Luigi
245 10 - TITLE STATEMENT
Title Apuntes de economía política
264 #1 - PRODUCTION, PUBLICATION, DISTRIBUTION, MANUFACTURE, AND COPYRIGHT NOTICE
Place of production, publication, distribution, manufacture Barcelona :
Name of producer, publisher, distributor, manufacturer Ediciones Ariel
Date of production, publication, distribution, manufacture, or copyright notice 1971
300 ## - PHYSICAL DESCRIPTION
Extent 139 p.
Dimensions 21 cm.
505 ## - FORMATTED CONTENTS NOTE
Formatted contents note 1. Nociones preliminares - 2. La estructura productiva del sistema - 3. La composición del excedente y el crecimiento del sistema - 4. La determinación de los precios relativos - 5. La distribución del excedente y la relación entre salario y tasa de beneficio - 6. Profundizaciones ulteriores: el capital fijo; la elección entre técnicas alternativas - 7. El valor añadido y la renta nacional - 8. La determinación de los precios relativos bajo la hipótesis de coeficientes técnicos variables -
590 ## - LOCAL NOTE (RLIN)
Local note niveau_biblio:m niveau_hierar:0
856 41 - ELECTRONIC LOCATION AND ACCESS
Uniform Resource Identifier <a href="https://www.biblioeco.unsa.edu.ar/pmb/images/libros/L127510.jpg">https://www.biblioeco.unsa.edu.ar/pmb/images/libros/L127510.jpg</a>
Link text Imagen de portada
Electronic format type image/jpeg
942 ## - ADDED ENTRY ELEMENTS (KOHA)
Koha item type
Existencias
Withdrawn status Lost status Damaged status Not for loan Home library Current library Shelving location Date acquired Total checkouts Full call number Barcode Date last seen Price effective from Koha item type
        Biblioteca Prof. Eusebio Cleto del Rey Biblioteca Prof. Eusebio Cleto del Rey   07/04/2026   330.101 S732 L127510 07/04/2026 07/04/2026 Libro